| 000 | 00463nam a2200157Ia 4500 | ||
|---|---|---|---|
| 008 | 160114s9999 xx 000 0 und d | ||
| 020 | _a0-375800026 | ||
| 050 | _aFic | ||
| 050 | _b.T458s 1999 | ||
| 100 | _aThomas, Jim. | ||
| 245 |
_aStar Wars, Episode I. Dangers of the core / _cJim Thomas. |
||
| 260 |
_aNew York : _bRandom House, _c1999 |
||
| 300 |
_a48 pages ; _bcol. ill. ; _c23 cm. |
||
| 440 | _aJedi readers. Step 3 book. | ||
| 650 | _aScience fiction. | ||
| 999 |
_c290345 _d290345 |
||